000 01229nam a2200349 i 4500
001 11800
003 KOSZ 005
005 20210428111137.0
008 071118s1969 pl a f 000 0 pol
015 _aPB 1969/9736
040 _aWA N
_cWA N
_dKOSZ 005/RW
_dKOSZ 005/HR
041 1 _apol
_heng
046 _k1969
080 _a16
100 1 _aQuine, W. V.
_d(1908-2000)
_eAutor.
245 1 0 _aZ punktu widzenia logiki :
_beseje logiczno-filozoficzne /
_cWillard van Ormen Quine ; tł. i słowo wstępne Barbara Stanosz.
246 1 _iTyt. oryg.:
_aFrom a logical point of view.
260 _aWarszawa :
_bPaństwowe Wydawnictwo Naukowe,
_c1969.
300 _a[1], 237, [3] s. :
_berr. ;
_c18 cm.
380 _aKsiążki.
380 _aLiteratura faktu, eseje, publicystyka
388 _a1901-2000
504 _aBibliogr. s. 232-[238].
658 _aFilozofia i etyka
650 4 _aFilozofia
655 4 _aEsej
650 4 _aLogika
710 2 _aPaństwowe Wydawnictwo Naukowe
_4pbl.
700 1 _aStanosz, Barbara
_d(1935-2014)
_eTłumaczenie
856 _uhttp://koha.tu.koszalin.pl/cgi-bin/koha/opac-detail.pl?biblionumber=11800
_yKatalog online BPK
942 _2UKD
_cKS
999 _c11800
_d11800